| 000 | 00555nam a2200193Ia 4500 | ||
|---|---|---|---|
| 005 | 20250508151753.0 | ||
| 008 | 008 250505s9999 xx 000 0 eng d | ||
| 037 | _aTextual | ||
| 040 |
_aFEDL _beng _cFEDL |
||
| 041 |
_aeng _2eng |
||
| 084 |
_a301, DIC _qFEDL |
||
| 100 | _aDice Lee R. | ||
| 245 | 0 | _aMan's nature and nature's man : The ecology of human communities | |
| 260 |
_aAnn Arbor _bThe University of Michigan Press _c1955 |
||
| 300 | _a329p. | ||
| 650 | _aSociology | ||
| 942 |
_cTEXL _h301, DIC |
||
| 999 |
_c1332052 _d1332052 |
||